Statistics for City Names by Every Other Letter 5

Click here to take the quiz!

General Stats

  • This quiz has been taken 17 times
  • The average score is 15 of 24

Answer Stats

HintAnswer% Correct
B_K_R_F_E_D_A_E_S_I_L_
93%
C_A_T_N_O_A_H_T_A_O_G_
79%
B_O_M_N_T_N_L_O_I_G_O_
79%
F_Y_T_E_I_L__A_E_T_V_L_E
71%
C_D_R_A_I_S_E_A_R_P_D_
71%
M_N_E_P_L_S_I_N_A_O_I_
71%
I_D_P_N_E_C__N_E_E_D_N_E
71%
G_A_D_A_I_S_R_N_R_P_D_
71%
N_T_H_T_C_E__A_C_I_O_H_S
64%
M_R_B_R_U_H_A_L_O_O_G_
64%
P_A_T_M_U_H_L_T_S_O_T_
64%
B_W_I_G_R_E__O_L_N_G_E_N
64%
B_E_K_N_I_G__R_C_E_R_D_E
64%
S_R_T_G_S_R_N_S_A_A_O_A_P_I_G_
57%
T_L_A_A_S_E_A_L_H_S_E_
57%
H_R_E_S_E_R__A_P_R_F_R_Y
57%
N_W_R_U_F_L__E_B_A_N_E_S
57%
L_A_E_W_R_H_E_V_N_O_T_
57%
G_A_T_N_U_Y_L_S_O_B_R_
57%
M_R_L_B_A_H_Y_T_E_E_C_
57%
K_N_E_U_K_O_T_E_N_B_N_P_R_
50%
C_E_R_A_E_E_O_U_D_L_N_
50%
N_R_A_A_S_T__A_R_G_N_E_T
43%
W_N_T_N_A_E__I_S_O_S_L_M
43%

Score Distribution

Percentile by Number Answered

Percent of People with Each Score

Your Score History

You have not taken this quiz